Chocolate Desserts by Images - Statistics

General Stats
  • This quiz has been taken 50 times
  • The average score is 2 of 16
Answer Stats
Picture Answer % Correct
Brownies
77%
Mousse
67%
Soufflé
33%
Sacher-Torte
12%
Brigadeiro
7%
Mississippi Mud Pie
5%
Nanaimo bars
2%
Amandine
0%
Chocotorta
0%
Kladdkaka
0%
Peda
0%
Reform torta
0%
Rigó Jancsi
0%
Supangle
0%
Tartufo di Pizzo
0%
Tinginys
0%
No matching quizzes found
Score Distribution
Percent of People with Each Score
Percentile by Number Answered
Your Score History
You have not taken this quiz